00961nam a22002297a 4500999001900000005001700019010001500036020002700051035001400078037001300092082001300105245014200118260004900260270011700309300002800426700002800454700003700482700002700519700003100546942002700577952012700604 c193130d19313020221017112240.0 aENG-135426 a9789378313820c1000.00 aEN-118958 bDBAD/PUB a333.3154 aHomestead land and livelihood initiatives/cforewarded by Prem singh; ed. by Amir Afaque Ahmad Faizy, K.Gopal Iyer [and] Dilip Kr. Rabha  aNew delhibManak Publication pvt. ltd.c2015 aB-7,Saraswati complex, subhash chowk, laxmi nagarbNew Delhie110092k011-22453894mmanak.publications@gmail.com a367p.c23cm(hbk)bindex aPrem singheforewarded  aFaizy, Amir Afaque Ahmadeeditor aIyer, K. Gopaleeditor aRabha, Dilip Kumareeditor 2ddccENmHOMh333.3154 001040708NFICaRKPbRKPd2022-10-17eDBAD/PUBg1000.00l0o333.3154 HOMpEN-118958r2022-10-17 00:00:00t1v1000.00yEN